Database management systems (Record no. 723)

MARC details
000 -LEADER
Fixed length control field 00466nam a2200181 4500
003 - CONTROL NUMBER IDENTIFIER
Control field SEACOMEC
005 - DATE AND TIME OF LATEST TRANSACTION
Control field 20240229161200.0
008 - FIXED-LENGTH DATA ELEMENTS--GENERAL INFORMATION
Fixed length control field 240229b |||||||| |||| 00| 0 eng d
020 ## - INTERNATIONAL STANDARD BOOK NUMBER / ISBN
Price 410.00
040 ## - CATALOGING SOURCE
Original cataloging agency SEACOMEC
082 ## - DEWEY DECIMAL CLASSIFICATION NUMBER
Classification number 005.74
Book Number L570
100 ## - MAIN ENTRY--PERSONAL NAME
Personal name Leon.Alexis
245 1# - TITLE STATEMENT
Title Database management systems
Statement of responsibility Alexis Leon,Mathews Leon
260 ## - IMPRINT
Place of publication Chennai
Name of publisher Leon Vikas
Date of publication 1999
650 ## - SUBJECT ADDED ENTRY--TOPICAL TERM
Topical term Computer science,d databases
700 ## - ADDED ENTRY--PERSONAL NAME
Personal name Leon,Mathews
942 ## - ADDED ENTRY ELEMENTS (KOHA)
Koha item type Books
Holdings
Withdrawn status Lost status Source of classification Damaged status Not for loan Home library Current library Date acquired Total Checkouts Call number Accession number Date last seen Price effective from Koha item type Copy number
    Dewey Decimal Classification     SEACOM ENGINEERING COLLEGE SEACOM ENGINEERING COLLEGE 09/06/2006   005.74 L570 3147 02/07/2024 02/07/2024 Books  
    Dewey Decimal Classification     SEACOM ENGINEERING COLLEGE SEACOM ENGINEERING COLLEGE 09/06/2006   005.74 L570 3148 02/07/2024 02/07/2024 Books 1
    Dewey Decimal Classification     SEACOM ENGINEERING COLLEGE SEACOM ENGINEERING COLLEGE 09/06/2006   005.74 L570 3149 02/07/2024 02/07/2024 Books 2
    Dewey Decimal Classification     SEACOM ENGINEERING COLLEGE SEACOM ENGINEERING COLLEGE 09/06/2006   005.74 L570 3150 02/07/2024 02/07/2024 Books 3
    Dewey Decimal Classification     SEACOM ENGINEERING COLLEGE SEACOM ENGINEERING COLLEGE 09/06/2006   005.74 L570 3151 02/07/2024 02/07/2024 Books 4
    Dewey Decimal Classification     SEACOM ENGINEERING COLLEGE SEACOM ENGINEERING COLLEGE 17/02/2007   005.74 L570 5982 02/07/2024 02/07/2024 Books 5
    Dewey Decimal Classification     SEACOM ENGINEERING COLLEGE SEACOM ENGINEERING COLLEGE 17/02/2007   005.74 L570 5983 02/07/2024 02/07/2024 Books 6
    Dewey Decimal Classification     SEACOM ENGINEERING COLLEGE SEACOM ENGINEERING COLLEGE 17/02/2007   005.74 L570 5984 02/07/2024 02/07/2024 Books 7
    Dewey Decimal Classification     SEACOM ENGINEERING COLLEGE SEACOM ENGINEERING COLLEGE 17/02/2007   005.74 L570 5985 02/07/2024 02/07/2024 Books 8
    Dewey Decimal Classification     SEACOM ENGINEERING COLLEGE SEACOM ENGINEERING COLLEGE 17/02/2007   005.74 L570 5986 02/07/2024 02/07/2024 Books 9
    Dewey Decimal Classification     SEACOM ENGINEERING COLLEGE SEACOM ENGINEERING COLLEGE 08/04/2008   005.74 L570 10762 07/12/2024 07/12/2024 Books 10
    Dewey Decimal Classification     SEACOM ENGINEERING COLLEGE SEACOM ENGINEERING COLLEGE 08/04/2008   005.74 L570 10763 07/12/2024 07/12/2024 Books 11
© Seacom Engineering College, All rights reserved.      Powered by Koha